[Event "9th RTU Open 2019"]
[Site "Riga"]
[Date "2019.08.09"]
[Round "8.16"]
[White "Low, Zhen Yu Cyrus"]
[Black "Thybo, Jesper Sondergaard"]
[Result "0-1"]
[WhiteElo "2413"]
[BlackElo "2528"]
[Annotator "ChessBase"]
[PlyCount "88"]
[EventDate "2019.08.05"]
[EventType "swiss"]
[EventCountry "LAT"]
[SourceTitle "playchess.com"]
[Source "ChessBase"]
[SourceQuality "1"]
[TimeControl "5400+30"]

1. e4 {[%emt 0:00:00]} c5 {[%emt 0:00:00]} 2. Nf3 {[%emt 0:00:00]} d6 {[%emt 0:00:00]} 3. d4 {[%emt 0:00:00]} cxd4 {[%emt 0:00:00]} 4. Nxd4 {[%emt 0:00:00]} Nf6 {[%emt 0:00:00]} 5. Nc3 {[%emt 0:00:00]} Nc6 {[%emt 0:00:00]} 6. Bg5 {[%emt 0:00:01]} e6 {[%emt 0:00:02]} 7. Qd2 {[%emt 0:00:06]} a6 {[%emt 0:00:06]} 8. O-O-O {[%emt 0:00:35]} Bd7 {[%emt 0:00:07]} 9. f4 {[%emt 0:00:08]} Be7 {[%emt 0:00:16]} 10. Nf3 {[%emt 0:00:12]} b5 {[%emt 0:00:13]} 11. Bxf6 {[%emt 0:00:44]} gxf6 {[%emt 0:00:16]} 12. Kb1 {[%emt 0:00:06]} Qb6 {[%emt 0:00:19]} 13. f5 {[%emt 0:00:17]} O-O-O {[%emt 0:00:24]} 14. g3 {[%emt 0:00:08]} Kb8 {[%emt 0:00:12]} 15. fxe6 {[%emt 0:00:07]} fxe6 {[%emt 0:00:04]} 16. Bh3 {[%emt 0:00:06]} Na5 {[%emt 0:00:20]} 17. Qd3 {[%emt 0:05:02]} b4 {[%emt 0:00:41]} 18. Ne2 {[%emt 0:00:08]} Bb5 {[%emt 0:00:13]} 19. Qd4 {[%emt 0:00:13]} Qc7 {[%emt 0:00:16]} 20. Qf2 {[%emt 0:11:32]} e5 {[%emt 0:05:20]} 21. Be6 {[%emt 0:02:55]} Qc5 {[%emt 0:05:03]} 22. Rhf1 {[%emt 0:05:54]} Nc4 {[%emt 0:02:24]} 23. Rd5 {[%emt 0:13:05]} Qxf2 {[%emt 0:14:19]} 24. Rxf2 {[%emt 0:01:20]} Nb6 {[%emt 0:00:16]} 25. Rd1 {[%emt 0:01:40]} d5 {[%emt 0:00:38]} 26. exd5 {[%emt 0:12:07]} Bc5 {[%emt 0:01:00]} 27. Rg2 {[%emt 0:00:07]} Nc4 {[%emt 0:11:41]} 28. Re1 {[%emt 0:00:08]} Ne3 {[%emt 0:00:20]} 29. Rgg1 {[%emt 0:00:08]} Nxd5 {[%emt 0:00:14]} 30. Rgf1 {[%emt 0:02:15]} Ne3 {[%emt 0:02:05]} 31. Rg1 {[%emt 0:00:09]} e4 {[%emt 0:05:00]} 32. Nh4 {[%emt 0:05:22]} Rd2 {[%emt 0:00:42]} 33. Nf4 {[%emt 0:00:12]} Nxc2 {[%emt 0:00:27]} 34. Rd1 {[%emt 0:00:08]} Rxh2 {[%emt 0:01:04]} 35. Rg2 {[%emt 0:04:11]} Rxg2 {[%emt 0:02:00]} 36. Nhxg2 {[%emt 0:00:07]} Nd4 {[%emt 0:00:07]} 37. Bd5 {[%emt 0:00:10]} Re8 {[%emt 0:01:38]} 38. Ne3 {[%emt 0:06:15]} Ne2 {[%emt 0:01:33]} 39. Nxe2 {[%emt 0:03:38]} Bxe3 {[%emt 0:02:56]} 40. Nf4 {[%emt 0:00:07]} Bxf4 {[%emt 0:01:24]} 41. gxf4 {[%emt 0:00:07]} Rd8 {[%emt 0:00:16]} 42. Kc1 {[%emt 0:00:20]} e3 {[%emt 0:00:36]} 43. Bf3 {[%emt 0:00:53]} Rxd1+ {[%emt 0:00:07]} 44. Kxd1 {[%emt 0:00:06]} Kc7 {[%emt 0:00:38]} 0-1

[Event "9th RTU Open 2019"]
[Site "Riga"]
[Date "2019.08.09"]
[Round "8.17"]
[White "Vishnu Prasanna. V"]
[Black "Kruglyakov, Pavlo"]
[Result "1-0"]
[WhiteElo "2507"]
[BlackElo "2347"]
[Annotator "ChessBase"]
[PlyCount "113"]
[EventDate "2019.08.05"]
[EventType "swiss"]
[EventCountry "LAT"]
[SourceTitle "playchess.com"]
[Source "ChessBase"]
[SourceQuality "1"]
[TimeControl "5400+30"]

1. e4 {[%emt 0:00:00]} c5 {[%emt 0:00:00]} 2. Nf3 {[%emt 0:00:00]} d6 {[%emt 0:00:00]} 3. Nc3 {[%emt 0:00:00]} Nf6 {[%emt 0:00:00]} 4. d4 {[%emt 0:00:15]} cxd4 {[%emt 0:00:00]} 5. Nxd4 {[%emt 0:00:03]} a6 {[%emt 0:00:00]} 6. Be3 {[%emt 0:00:08]} e6 {[%emt 0:00:51]} 7. Be2 {[%emt 0:01:16]} Be7 {[%emt 0:00:47]} 8. g4 {[%emt 0:00:27]} Qc7 {[%emt 0:09:05]} 9. g5 {[%emt 0:01:19]} Nfd7 {[%emt 0:00:01]} 10. Qd2 {[%emt 0:00:22]} b5 {[%emt 0:00:59]} 11. a3 {[%emt 0:01:33]} Bb7 {[%emt 0:00:47]} 12. f4 {[%emt 0:02:21]} Nc5 {[%emt 0:07:46]} 13. Bf3 {[%emt 0:02:16]} Nc6 {[%emt 0:07:28]} 14. Nxc6 {[%emt 0:07:40]} Bxc6 {[%emt 0:01:10]} 15. O-O {[%emt 0:02:22]} Qb7 {[%emt 0:06:25]} 16. Nd5 {[%emt 0:07:32]} Bd8 {[%emt 0:15:51]} 17. f5 {[%emt 0:12:02]} Nxe4 {[%emt 0:12:58]} 18. Bxe4 {[%emt 0:00:52]} exd5 {[%emt 0:00:12]} 19. Bd3 {[%emt 0:00:55]} Bb6 {[%emt 0:02:00]} 20. Qf2 {[%emt 0:02:21]} Bxe3 {[%emt 0:09:24]} 21. Qxe3+ {[%emt 0:00:18]} Qe7 22. Qxe7+ {[%emt 0:00:36]} Kxe7 {[%emt 0:00:01]} 23. f6+ {[%emt 0:00:17]} Kf8 {[%emt 0:02:51]} 24. fxg7+ {[%emt 0:01:50]} Kxg7 {[%emt 0:00:01]} 25. Rf6 {[%emt 0:00:09]} h6 {[%emt 0:06:48]} 26. Rxd6 {[%emt 0:01:46]} Rac8 {[%emt 0:00:34]} 27. Bf5 {[%emt 0:03:29]} Rc7 {[%emt 0:00:27]} 28. g6 {[%emt 0:00:25]} h5 {[%emt 0:09:42]} 29. gxf7 {[%emt 0:02:44]} Rxf7 {[%emt 0:02:48]} 30. Rg6+ {[%emt 0:06:20]} Kh7 {[%emt 0:00:17]} 31. Bd3 {[%emt 0:11:01]} Rg7 {[%emt 0:02:09]} 32. Rg3+ {[%emt 0:03:08]} Kh6 {[%emt 0:01:45]} 33. Re1 {[%emt 0:01:06]} Re8 {[%emt 0:02:16]} 34. Rf1 {[%emt 0:03:51]} Rxg3+ {[%emt 0:00:53]} 35. hxg3 {[%emt 0:00:15]} Re6 {[%emt 0:00:31]} 36. Rf5 {[%emt 0:00:55]} d4 {[%emt 0:00:17]} 37. Kf2 {[%emt 0:00:13]} Rd6 {[%emt 0:00:33]} 38. Re5 {[%emt 0:01:52]} Bd5 {[%emt 0:00:49]} 39. b3 {[%emt 0:08:56]} Bf7 {[%emt 0:00:16]} 40. a4 {[%emt 0:00:46]} bxa4 {[%emt 0:00:09]} 41. bxa4 {[%emt 0:00:12]} Bg6 {[%emt 0:00:18]} 42. Ra5 {[%emt 0:00:34]} Bxd3 {[%emt 0:00:54]} 43. cxd3 {[%emt 0:00:05]} Rf6+ {[%emt 0:00:22]} 44. Kg2 {[%emt 0:00:06]} Rd6 {[%emt 0:00:58]} 45. Kh3 {[%emt 0:00:09]} Rb6 {[%emt 0:00:33]} 46. Rd5 {[%emt 0:00:19]} Rb4 {[%emt 0:00:19]} 47. a5 {[%emt 0:00:12]} Ra4 {[%emt 0:00:27]} 48. Rd6+ {[%emt 0:02:45]} Kg5 {[%emt 0:00:07]} 49. Rxa6 {[%emt 0:00:14]} Ra3 {[%emt 0:00:01]} 50. Ra8 {[%emt 0:00:09]} h4 {[%emt 0:01:34]} 51. a6 {[%emt 0:00:34]} Kh6 {[%emt 0:00:33]} 52. a7 {[%emt 0:00:26]} Kg7 {[%emt 0:00:06]} 53. Kxh4 {[%emt 0:00:06]} Ra5 {[%emt 0:00:45]} 54. Kg4 {[%emt 0:00:06]} Ra4 {[%emt 0:00:18]} 55. Kf5 {[%emt 0:00:10]} Ra5+ {[%emt 0:00:10]} 56. Ke4 {[%emt 0:00:06]} Ra4 {[%emt 0:00:02]} 57. Kd5 {[%emt 0:00:13]} 1-0

[Event "9th RTU Open 2019"]
[Site "Riga"]
[Date "2019.08.09"]
[Round "8.18"]
[White "Grigorov, Grigor"]
[Black "Dordzhieva, Dinara"]
[Result "1-0"]
[WhiteElo "2501"]
[BlackElo "2319"]
[Annotator "ChessBase"]
[PlyCount "81"]
[EventDate "2019.08.05"]
[EventType "swiss"]
[EventCountry "LAT"]
[SourceTitle "playchess.com"]
[Source "ChessBase"]
[SourceQuality "1"]
[TimeControl "5400+30"]

1. d4 {[%emt 0:00:02]} Nf6 {[%emt 0:00:00]} 2. c4 {[%emt 0:00:25]} e6 {[%emt 0:00:00]} 3. Nf3 {[%emt 0:00:11]} d5 {[%emt 0:00:01]} 4. g3 {[%emt 0:00:12]} c6 {[%emt 0:00:41]} 5. Bg2 {[%emt 0:00:12]} dxc4 {[%emt 0:00:19]} 6. Ne5 {[%emt 0:00:16]} b5 {[%emt 0:00:12]} 7. Nxc6 {[%emt 0:01:44]} Qb6 {[%emt 0:00:04]} 8. Na5 {[%emt 0:00:54]} Nd5 {[%emt 0:01:17]} 9. Bd2 {[%emt 0:02:05]} Nd7 {[%emt 0:11:10]} 10. Nc3 {[%emt 0:23:59]} N7f6 {[%emt 0:04:32]} 11. a4 {[%emt 0:09:21]} b4 {[%emt 0:20:48]} 12. Nxd5 {[%emt 0:08:47]} Nxd5 {[%emt 0:03:12]} 13. Nxc4 {[%emt 0:00:08]} Qxd4 {[%emt 0:00:09]} 14. Qb3 {[%emt 0:03:46]} Be7 {[%emt 0:13:14]} 15. Rd1 {[%emt 0:09:13]} Ba6 {[%emt 0:05:29]} 16. Ne3 {[%emt 0:00:17]} O-O {[%emt 0:07:20]} 17. Bc1 {[%emt 0:10:07]} Qe5 {[%emt 0:02:58]} 18. Bxd5 {[%emt 0:03:06]} exd5 {[%emt 0:00:21]} 19. Qxd5 {[%emt 0:00:43]} Qc7 {[%emt 0:07:58]} 20. Qd7 {[%emt 0:01:21]} Qc5 {[%emt 0:00:11]} 21. Nd5 {[%emt 0:02:39]} Rfe8 {[%emt 0:05:12]} 22. Be3 {[%emt 0:01:01]} Qc4 {[%emt 0:03:11]} 23. O-O {[%emt 0:00:18]} Bf8 {[%emt 0:00:18]} 24. Rd2 {[%emt 0:03:45]} Red8 {[%emt 0:06:18]} 25. Qf5 {[%emt 0:00:25]} Bb7 {[%emt 0:03:34]} 26. Rfd1 {[%emt 0:00:45]} Rd6 {[%emt 0:01:54]} 27. Bf4 {[%emt 0:03:03]} Rxd5 {[%emt 0:02:15]} 28. Rxd5 {[%emt 0:00:07]} Bxd5 {[%emt 0:00:17]} 29. Rxd5 {[%emt 0:01:30]} Qxe2 {[%emt 0:00:16]} 30. Rd7 {[%emt 0:00:15]} Qxb2 {[%emt 0:01:11]} 31. Qxf7+ {[%emt 0:00:42]} Kh8 {[%emt 0:00:01]} 32. Qd5 {[%emt 0:05:30]} Rc8 {[%emt 0:00:29]} 33. Be5 {[%emt 0:00:19]} Qc1+ {[%emt 0:01:01]} 34. Kg2 {[%emt 0:00:06]} Qh6 {[%emt 0:00:34]} 35. Rxa7 {[%emt 0:00:18]} Re8 {[%emt 0:00:30]} 36. Bd4 {[%emt 0:00:44]} Qg6 {[%emt 0:00:27]} 37. a5 {[%emt 0:00:36]} h6 {[%emt 0:00:27]} 38. Ra8 {[%emt 0:00:48]} Kh7 {[%emt 0:00:34]} 39. Rxe8 {[%emt 0:00:11]} Qxe8 {[%emt 0:00:02]} 40. a6 {[%emt 0:00:11]} b3 {[%emt 0:00:55]} 41. a7 {[%emt 0:00:16]} 1-0

[Event "9th RTU Open 2019"]
[Site "Riga"]
[Date "2019.08.09"]
[Round "8.19"]
[White "Stremavicius, Titas"]
[Black "Shailesh, Dravid"]
[Result "1/2-1/2"]
[WhiteElo "2490"]
[BlackElo "2254"]
[Annotator "ChessBase"]
[PlyCount "138"]
[EventDate "2019.08.05"]
[EventType "swiss"]
[EventCountry "LAT"]
[SourceTitle "playchess.com"]
[Source "ChessBase"]
[SourceQuality "1"]
[TimeControl "5400+30"]

1. d4 {[%emt 0:00:00]} Nf6 {[%emt 0:04:11]} 2. c4 {[%emt 0:00:00]} Nc6 {[%emt 0:00:08]} 3. Nf3 {[%emt 0:00:58]} e6 {[%emt 0:00:04]} 4. g3 {[%emt 0:04:51]} Bb4+ {[%emt 0:00:21]} 5. Bd2 {[%emt 0:01:29]} Qe7 {[%emt 0:00:05]} 6. Bg2 {[%emt 0:01:50]} Bxd2+ {[%emt 0:00:54]} 7. Nbxd2 {[%emt 0:00:07]} d6 {[%emt 0:00:10]} 8. O-O {[%emt 0:04:06]} O-O {[%emt 0:00:05]} 9. e4 {[%emt 0:00:50]} e5 {[%emt 0:00:05]} 10. d5 {[%emt 0:00:04]} Nb8 {[%emt 0:00:03]} 11. Ne1 {[%emt 0:00:06]} a5 {[%emt 0:00:05]} 12. Nd3 {[%emt 0:01:06]} Na6 {[%emt 0:00:37]} 13. Re1 {[%emt 0:06:14]} Nd7 {[%emt 0:02:33]} 14. a3 {[%emt 0:11:25]} Ndc5 {[%emt 0:03:18]} 15. Nxc5 {[%emt 0:00:19]} Nxc5 {[%emt 0:00:07]} 16. b4 {[%emt 0:00:11]} axb4 {[%emt 0:10:40]} 17. axb4 {[%emt 0:00:02]} Rxa1 {[%emt 0:01:37]} 18. Qxa1 {[%emt 0:00:02]} Nd3 {[%emt 0:02:08]} 19. Rb1 {[%emt 0:00:07]} Qf6 {[%emt 0:00:56]} 20. Nf3 {[%emt 0:10:56]} Bg4 {[%emt 0:02:40]} 21. Qc3 {[%emt 0:01:16]} Bxf3 {[%emt 0:00:17]} 22. Qxd3 {[%emt 0:00:06]} Bxg2 {[%emt 0:00:07]} 23. Kxg2 {[%emt 0:00:05]} Ra8 {[%emt 0:00:25]} 24. Rb2 {[%emt 0:02:17]} Qg5 {[%emt 0:06:00]} 25. Rc2 {[%emt 0:04:06]} h5 {[%emt 0:02:55]} 26. c5 {[%emt 0:07:53]} h4 {[%emt 0:01:15]} 27. cxd6 {[%emt 0:02:30]} cxd6 {[%emt 0:01:33]} 28. Qf3 {[%emt 0:04:33]} Qh6 {[%emt 0:05:47]} 29. Qg4 {[%emt 0:03:51]} hxg3 {[%emt 0:08:47]} 30. hxg3 {[%emt 0:04:25]} g6 {[%emt 0:22:43]} 31. Rc8+ {[%emt 0:02:08]} Rxc8 {[%emt 0:01:37]} 32. Qxc8+ {[%emt 0:00:03]} Kg7 {[%emt 0:00:05]} 33. Qxb7 {[%emt 0:02:22]} Qd2 {[%emt 0:00:04]} 34. Qb6 {[%emt 0:00:16]} Qe1 {[%emt 0:00:12]} 35. Qxd6 {[%emt 0:00:27]} Qxe4+ {[%emt 0:00:04]} 36. Kh2 {[%emt 0:00:39]} g5 {[%emt 0:12:33]} 37. Qc5 {[%emt 0:01:42]} Qh7+ {[%emt 0:01:10]} 38. Kg2 {[%emt 0:00:18]} Qe4+ {[%emt 0:00:05]} 39. Kf1 {[%emt 0:01:13]} g4 {[%emt 0:02:49]} 40. Qe3 {[%emt 0:09:12]} Qh1+ {[%emt 0:03:11]} 41. Ke2 {[%emt 0:00:01]} Qxd5 {[%emt 0:00:13]} 42. Qg5+ {[%emt 0:00:12]} Kf8 {[%emt 0:00:37]} 43. Qxg4 {[%emt 0:00:09]} e4 {[%emt 0:00:18]} 44. Qc8+ {[%emt 0:01:17]} Kg7 {[%emt 0:00:01]} 45. Qc3+ {[%emt 0:00:25]} Kg6 {[%emt 0:00:17]} 46. Ke3 {[%emt 0:03:22]} f5 {[%emt 0:02:33]} 47. Qd4 {[%emt 0:00:41]} Qc6 {[%emt 0:01:20]} 48. Qc5 {[%emt 0:01:12]} Qe6 {[%emt 0:00:58]} 49. Ke2 {[%emt 0:07:06]} Qd7 {[%emt 0:01:02]} 50. b5 {[%emt 0:02:53]} Qd3+ {[%emt 0:01:04]} 51. Ke1 {[%emt 0:00:01]} Kf6 {[%emt 0:01:08]} 52. Qb4 {[%emt 0:03:02]} e3 {[%emt 0:01:27]} 53. Qb2+ {[%emt 0:01:27]} Kg6 {[%emt 0:01:11]} 54. b6 {[%emt 0:00:09]} e2 {[%emt 0:00:42]} 55. Qxe2 {[%emt 0:00:55]} Qb1+ {[%emt 0:00:04]} 56. Qd1 {[%emt 0:00:18]} Qxb6 {[%emt 0:00:14]} 57. Kf1 {[%emt 0:00:40]} Qc6 {[%emt 0:00:07]} 58. Kg1 {[%emt 0:00:06]} Qe4 {[%emt 0:00:11]} 59. Kh2 {[%emt 0:00:43]} Kg5 {[%emt 0:00:56]} 60. f4+ {[%emt 0:00:35]} Kg6 {[%emt 0:00:36]} 61. Kh3 {[%emt 0:00:25]} Kh6 {[%emt 0:00:24]} 62. Qa1 {[%emt 0:00:34]} Kg6 {[%emt 0:00:22]} 63. Qa6+ {[%emt 0:00:37]} Kh5 {[%emt 0:00:09]} 64. Qf1 {[%emt 0:00:09]} Kg6 {[%emt 0:00:36]} 65. Qa1 {[%emt 0:00:29]} Qe2 {[%emt 0:00:35]} 66. Qa7 {[%emt 0:00:51]} Qf1+ {[%emt 0:00:19]} 67. Kh2 {[%emt 0:00:01]} Qe2+ {[%emt 0:00:09]} 68. Kg1 {[%emt 0:00:01]} Qe1+ {[%emt 0:00:12]} 69. Kg2 {[%emt 0:00:05]} Qe4+ {[%emt 0:00:05]} 1/2-1/2

[Event "9th RTU Open 2019"]
[Site "Riga"]
[Date "2019.08.09"]
[Round "8.20"]
[White "Sowray, Peter J"]
[Black "Zanan, Evgeny"]
[Result "0-1"]
[WhiteElo "2332"]
[BlackElo "2486"]
[Annotator "ChessBase"]
[PlyCount "44"]
[EventDate "2019.08.05"]
[EventType "swiss"]
[EventCountry "LAT"]
[SourceTitle "playchess.com"]
[Source "ChessBase"]
[SourceQuality "1"]
[TimeControl "5400+30"]

1. d4 {[%emt 0:00:00]} Nf6 {[%emt 0:06:57]} 2. c4 {[%emt 0:00:00]} g6 {[%emt 0:00:16]} 3. Nc3 {[%emt 0:00:00]} Bg7 {[%emt 0:00:05]} 4. e4 {[%emt 0:00:08]} d6 {[%emt 0:00:03]} 5. f4 {[%emt 0:00:09]} O-O {[%emt 0:00:13]} 6. Nf3 {[%emt 0:00:16]} c5 {[%emt 0:00:04]} 7. d5 {[%emt 0:00:26]} e6 {[%emt 0:00:05]} 8. dxe6 {[%emt 0:00:11]} Bxe6 {[%emt 0:04:07]} 9. Bd3 {[%emt 0:02:31]} Nc6 {[%emt 0:12:56]} 10. O-O {[%emt 0:04:07]} Na5 {[%emt 0:15:28]} 11. Qe2 {[%emt 0:12:51]} Re8 {[%emt 0:01:22]} 12. Ng5 {[%emt 0:12:02]} Bg4 {[%emt 0:03:44]} 13. Qf2 {[%emt 0:10:04]} h6 {[%emt 0:07:26]} 14. f5 {[%emt 0:11:05]} Nc6 {[%emt 0:15:35]} 15. Qh4 {[%emt 0:09:48]} Ne5 {[%emt 0:05:40]} 16. Nd5 {[%emt 0:12:43]} Nxd5 {[%emt 0:07:34]} 17. exd5 {[%emt 0:04:06]} Nxd3 {[%emt 0:02:31]} 18. f6 {[%emt 0:00:41]} Nxc1 {[%emt 0:05:39]} 19. Nxf7 {[%emt 0:03:08]} Kxf7 {[%emt 0:00:44]} 20. fxg7+ {[%emt 0:03:00]} Kxg7 {[%emt 0:00:09]} 21. Qxg4 {[%emt 0:00:10]} Nd3 {[%emt 0:01:15]} 22. b4 {[%emt 0:01:39]} Ne5 {[%emt 0:00:45]} 0-1

[Event "9th RTU Open 2019"]
[Site "Riga"]
[Date "2019.08.09"]
[Round "8.21"]
[White "Hovhannisyan, Robert"]
[Black "Akash G"]
[Result "1/2-1/2"]
[WhiteElo "2640"]
[BlackElo "2394"]
[Annotator "TA"]
[PlyCount "159"]
[EventDate "2019.08.05"]
[EventType "swiss"]
[EventCountry "LAT"]
[SourceTitle "playchess.com"]
[Source "ChessBase"]
[SourceQuality "1"]

{[%evp 13,159,20,37,27,31,22,60,67,48,49,45,46,54,49,66,48,91,88,91,89,87,83,107,59,122,129,122,117,114,104,105,94,92,103,87,93,119,78,74,68,65,69,82,58,69,62,69,0,11,4,16,0,0,0,0,0,0,0,0,0,0,0,0,0,0,0,0,0,0,0,0,0,0,0,0,0,0,0,0,0,0,0,0,0,0,-59,0,0,0,0,0,0,0,0,0,0,0,0,0,0,0,0,0,0,0,0,0,0,0,0,0,0,0,0,0,0,0,0,0,0,0,0,0,0,0,0,0,0,0,0,0,0,0,0,0,0,0,0,0,0,0,0,0,0,0,-8,0,0]} 1. e4 c5 2. Nf3 Nc6 3. d4 cxd4 4. Nxd4 Nf6 5. Nc3 d6 6. Bg5 e6 7. Qd2 a6 8. Nxc6 {B66: Sicilian: Richter-Rauzer: 7...a6 8 0-0-0 h6} (8. O-O-O Bd7 9. f3 Nxd4 10. Qxd4 h6 11. Bh4 Rc8 12. Kb1 Be7 13. g4 b5 14. Bg3 e5 15. Qe3 Qc7 16. Bd3 Be6 17. h4 Qa5 18. g5 {1-0 (60) Robson,R (2667)-Caruana,F (2828) chess.com INT 2019}) 8... bxc6 9. O-O-O {Threatens to win with e5!} d5 10. Qe3 {And now Bxf6 would win.White is slightly better.} Be7 11. Bxf6 gxf6 12. Bc4 {[%cal Re4d5]} Bb7 13. Rhe1 Qc7 14. Bb3 Rg8 15. g3 {[#]} Kf8 $146 ({Predecessor:} 15... a5) 16. f4 ({Much worse is} 16. exd5 $6 cxd5 17. Ne2 Rg6 $11) 16... a5 17. f5 Rg5 18. Kb1 ({Much weaker is} 18. exd5 $6 exd5 19. Qd3 Kg8 $11) 18... Rd8 ({Black should play} 18... a4 $14 19. Nxa4 c5) 19. fxe6 $16 fxe6 20. exd5 exd5 21. Ne2 {aiming for Nd4.} Re5 22. Qh6+ Kg8 23. Nf4 Bf8 24. Qxf6 Bg7 25. Qh4 Rde8 26. Rxe5 Qxe5 {[%csl Gg7][%cal Re5b2] [#]} 27. c3 {Hoping for Bc2.} Bc8 $1 28. a4 {[%cal Rf4d5] Black must now prevent Nxd5!} Bf5+ 29. Ka2 {[%cal Rf4d5]} Rb8 30. Nxd5 (30. Qh5 $14) 30... cxd5 31. Rxd5 {[%csl Gh4][%cal Rd5d8] [#]} Be6 32. Rd8+ Rxd8 33. Qxd8+ Bf8 34. Qd7 Bxb3+ 35. Kxb3 Qh5 36. g4 Qg5 37. Qf5 Qd8 38. Qe6+ Kh8 39. Qe5+ Bg7 40. Qe2 h6 41. h3 Qd5+ 42. Qc4 Qd1+ 43. Ka2 Qd8 44. Qb5 Bf8 45. Qf5 Kg7 46. Qe5+ Kh7 47. Qe4+ Kg7 48. Qf3 Be7 49. Kb3 (49. Qe4 $11) 49... Qb8+ (49... Qg8+ $1 $15 50. c4 Qb8+ 51. Ka2 Bf6) 50. Kc2 $11 {The position is equal.} Qh2+ 51. Kb1 Qe5 52. Qd3 Qe1+ 53. Kc2 Qf2+ 54. Kb3 Qb6+ 55. Qb5 Qe6+ 56. Qc4 Qb6+ 57. Ka2 Qd8 58. Qe6 Bf6 59. Qf5 Be7 60. Qb5 Qg8+ 61. Kb1 Qd8 62. Kc2 Qc7 63. Kb3 Qd8 64. Kc2 Qc7 65. Qe2 Bf6 66. Qd3 Qc6 67. Kb3 Qb6+ 68. Qb5 Qe6+ 69. Qc4 Qb6+ 70. Ka2 Qd8 71. Qb5 Be7 72. Qb7 Qg8+ 73. Kb1 Qe6 74. Qb5 Qe4+ 75. Ka2 Qe6+ 76. Kb1 Qe4+ 77. Ka2 Qe6+ 78. Kb1 Qe4+ 79. Ka1 Qe1+ 80. Ka2 {Accuracy: White = 84%, Black = 74%.} 1/2-1/2

[Event "9th RTU Open 2019"]
[Site "Riga"]
[Date "2019.08.09"]
[Round "8.22"]
[White "Nesteretz, Anatoliy"]
[Black "Bauer, Christian"]
[Result "1/2-1/2"]
[WhiteElo "2387"]
[BlackElo "2646"]
[Annotator "TA"]
[PlyCount "92"]
[EventDate "2019.08.05"]
[EventType "swiss"]
[EventCountry "LAT"]
[SourceTitle "playchess.com"]
[Source "ChessBase"]
[SourceQuality "1"]

{[%evp 9,92,12,9,-23,31,0,0,-29,-35,-41,-39,-52,-44,-96,-105,-98,-119,-102,-97,-160,-165,-170,-161,-170,-164,-160,-158,-150,-149,-223,-215,-199,-188,-205,-206,-198,-196,-193,-130,-152,-154,-142,-139,-160,-27,-74,-75,-92,0,0,0,0,52,53,73,80,109,109,119,115,108,106,109,129,129,133,115,91,84,48,48,29,72,41,58,12,7,0,53,0,12,0,59,0,0]} 1. e4 c5 2. Nf3 Nc6 3. Bb5 e6 4. Bxc6 bxc6 5. d3 Ne7 6. O-O {B30: Sicilian: 2...Nc6 3 Bb5, lines without ...g6} (6. Qe2 d6 7. e5 dxe5 8. Qxe5 Ng6 9. Qe4 Qd5 10. Nc3 Qxe4+ 11. Nxe4 f5 12. Ned2 Be7 13. Nc4 Ba6 14. Nfe5 Nxe5 15. Nxe5 {½-½ (43) Onischuk,V (2637)-Yu,Y (2751) Riadh 2017}) 6... d5 ({Black should try} 6... Ng6 $11) 7. c4 Ng6 $1 8. Nc3 d4 9. Na4 $146 ({Predecessor:} 9. Ne2 Bd6 10. Ne1 Qc7 11. f4 f5 12. e5 Be7 13. Ng3 Rb8 14. Nh5 {1-0 (48) Zhang,P (2462)-Kang,C (2311) Shenyang 1999}) 9... e5 10. Kh1 Bg4 11. Qe1 (11. h3 $15 Bc8 12. a3) 11... Bxf3 $1 $17 12. gxf3 Qh4 {...Qh3! is the strong threat.} 13. Rg1 Be7 14. Qe2 (14. Rg3 $142) 14... O-O 15. f4 exf4 16. f3 Ne5 17. b3 Bd6 18. Ba3 Qe7 19. Nb2 (19. Rg2 $17) 19... Rae8 20. Nd1 {[%cal Bb2d1,Bd1f2,Bf2e4][%mdl 32]} Qh4 21. Qg2 {[%csl Gg1][%cal Rg2g7]} g6 22. Nf2 Re6 23. Rad1 {[%cal Ba1d1,Bd1d2,Bd2e2][%mdl 32]} f5 (23... a5 $19 24. Ng4 Nxg4 25. Qxg4 Qxg4 26. Rxg4 Ra8) 24. exf5 Rxf5 {aiming for ...Rh5.} 25. Ne4 {[#]} Rh5 $1 26. Rd2 Qh3 (26... Qe7 $17 27. Bb2 Nd7) 27. Rf1 {Strongly threatening Qxh3.} Qxg2+ 28. Kxg2 Be7 (28... Nf7 $17) 29. Bxc5 $11 Bxc5 30. Nxc5 Re7 (30... Rg5+ $11 31. Kh3 Rh5+ 32. Kg2 Rg5+ 33. Kh3 Rh5+ 34. Kg2) 31. Re2 $14 Kf7 32. Re4 g5 33. Rxd4 Ng6 {[#] Hoping for ...Re2+.} 34. Ne4 $1 Nh4+ 35. Kg1 Nf5 36. Rd8 Ne3 37. Rf2 Kg7 38. Rd6 (38. b4 {feels hotter.} a5 39. bxa5 Rb7 40. Nc3 Ra7 41. Rb8) 38... Rh6 39. Rxh6 (39. Rd4 {is interesting.} Rg6 40. h3 Rf7 41. Rd8 h5 42. Rh2) 39... Kxh6 $16 {[%mdl 4096] Endgame KRN-KRN} 40. b4 Kg6 41. Rb2 Rd7 42. Nc5 Re7 $1 43. Ne4 Rd7 $1 44. Nc5 Re7 $1 45. Ne4 Rd7 46. Nc5 (46. b5 $14) 46... Re7 $1 {Accuracy: White = 39%, Black = 70%.} 1/2-1/2

[Event "9th RTU Open 2019"]
[Site "Riga"]
[Date "2019.08.09"]
[Round "8.23"]
[White "Berzinsh, Roland"]
[Black "Handke, Florian"]
[Result "1-0"]
[WhiteElo "2386"]
[BlackElo "2544"]
[Annotator "ChessBase"]
[PlyCount "65"]
[EventDate "2019.08.05"]
[EventType "swiss"]
[EventCountry "LAT"]
[SourceTitle "playchess.com"]
[Source "ChessBase"]
[SourceQuality "1"]
[TimeControl "5400+30"]

1. e4 {[%emt 0:02:31]} d6 {[%emt 0:00:00]} 2. d4 {[%emt 0:00:39]} Nf6 {[%emt 0:00:00]} 3. Nc3 {[%emt 0:00:10]} g6 {[%emt 0:00:00]} 4. Be3 {[%emt 0:00:29]} c6 {[%emt 0:00:00]} 5. h3 {[%emt 0:01:51]} Nbd7 {[%emt 0:01:31]} 6. f4 {[%emt 0:04:19]} b5 {[%emt 0:00:51]} 7. a3 {[%emt 0:00:14]} Nb6 {[%emt 0:00:13]} 8. Nf3 {[%emt 0:00:10]} Bg7 {[%emt 0:00:58]} 9. Bd3 {[%emt 0:00:31]} O-O {[%emt 0:00:23]} 10. O-O {[%emt 0:00:21]} Nc4 {[%emt 0:06:14]} 11. Bxc4 {[%emt 0:09:15]} bxc4 {[%emt 0:00:03]} 12. d5 {[%emt 0:00:10]} cxd5 {[%emt 0:10:50]} 13. exd5 {[%emt 0:00:22]} Qa5 {[%emt 0:03:22]} 14. Rf2 {[%emt 0:08:40]} Rb8 {[%emt 0:02:11]} 15. Rb1 {[%emt 0:00:05]} Bb7 {[%emt 0:20:41]} 16. Rd2 {[%emt 0:00:48]} Rfe8 {[%emt 0:04:27]} 17. Bf2 {[%emt 0:12:37]} Ba8 {[%emt 0:01:23]} 18. Kh2 {[%emt 0:10:11]} Nh5 {[%emt 0:07:22]} 19. Bd4 {[%emt 0:03:36]} Nf6 {[%emt 0:04:55]} 20. Bf2 {[%emt 0:03:24]} Rxb2 {[%emt 0:10:18]} 21. Rxb2 {[%emt 0:00:49]} Qxc3 {[%emt 0:00:05]} 22. Rb4 {[%emt 0:07:20]} Ne4 {[%emt 0:04:08]} 23. Re2 {[%emt 0:01:44]} Nxf2 {[%emt 0:04:28]} 24. Rxf2 {[%emt 0:00:05]} a5 {[%emt 0:02:00]} 25. Rb5 {[%emt 0:00:24]} Qxa3 {[%emt 0:00:22]} 26. Qe1 {[%emt 0:03:43]} a4 {[%emt 0:03:18]} 27. Re2 {[%emt 0:00:45]} Bf6 {[%emt 0:02:09]} 28. Ng5 {[%emt 0:02:09]} Rf8 {[%emt 0:03:20]} 29. Rxe7 {[%emt 0:00:37]} Bxe7 {[%emt 0:01:43]} 30. Qxe7 {[%emt 0:00:16]} Qc1 {[%emt 0:03:50]} 31. Qf6 {[%emt 0:03:56]} Bxd5 {[%emt 0:02:36]} 32. Rxd5 {[%emt 0:00:14]} Qxc2 {[%emt 0:00:37]} 33. Ra5 {[%emt 0:02:05]} 1-0